00568nam a22001697a 450000500170000001000150001702000260003203500140005803700130007208200150008510000230010024501010012326000450022427000660026930000240033550000390035920180918112012.0 aENG-123988 a9780199477425c750.00 aEN-107520 bDBAD/PUB a305.550954 aGilbertson, Amanda aWithin the limits :cby Amanda Gilbertsonbmoral boundaries of class and gender in urban india / aNew DelhibOxford University Pressc2018 bNew Delhie110002a2/11 Ground Floor, Ansari Road, Daryaganj, aix,235pc22cm.(Hb.) aIt includes index and bibliography